00357nam a2200109Ia 4500008004100000082002000041100002500061245001900086260003000105300000800135650010400143211119s9999||||xx |||||||||||||| ||und|| a894.8123bKAV-V aKavumbayi, Narayanan 0aVanthematharam bPappiyonaKozhikoduc2003 a66p aMalayalam LiteraturevMalayalam FictionMalayalam NovelsShort StoriesEconomicsxPGR-GANDHIAN STUDIES